000 01084nam a2200313 4500
001 178900
003 ES-MaACL
005 20240123190903.0
008 110730s2009 sp |||| |bspa d
020 _a978-84-92497-32-4
040 _aSpMaBN
080 _a159.9 Freud, Sigmund
080 _a929 Freud, Sigmund
080 _a613.885:159.9
100 1 _aMarugán Kraus, Jorge.
_9147482
245 1 3 _aEl deseo homosexual de Sigmund Freud y su travesía por lo femenino /
_cJorge Marugán Kraus.
260 _aMadrid :
_bManuscritos,
_c[2009]
300 _a291 p. ;
_c23 cm.
490 1 _aColección psicología
504 _aBibliografía: p. 281-288.
600 1 4 _aFreud, Sigmund,
_d1856-1939
_952547
650 7 _aPsicoanálisis y homosexualidad.
_9147483
650 4 _aIdentidad sexual.
_913543
830 0 _aColección psicología
_9179967
852 _aES-MaACL
_jA-11396
_9185766
_bR.145858
_cDEPO1
_dOlim: N-4400
_xDonación: Jorge Marugán Kraus
903 _9147482
_aMarugán Kraus, Jorge
_ednr
942 _2udc
_cMONOGRAFIA
999 _c178900
_d178900